<?xml version="1.0" encoding="UTF-8"?>
<collection xmlns="http://www.loc.gov/MARC21/slim">
 <record>
  <leader>00758nam a2200181 a 4500</leader>
  <controlfield tag="001">1/53625</controlfield>
  <controlfield tag="008">210913s1974    gr            000 0 gre d</controlfield>
  <datafield tag="040" ind1=" " ind2=" ">
   <subfield code="a">GR-PeUP</subfield>
  </datafield>
  <datafield tag="082" ind1="0" ind2="0">
   <subfield code="a">888.32 ΙΩΑ</subfield>
  </datafield>
  <datafield tag="100" ind1="1" ind2=" ">
   <subfield code="a">Ιωάννης ο Στοβαίος.</subfield>
  </datafield>
  <datafield tag="245" ind1="1" ind2="0">
   <subfield code="a">Στοβαίου, Ιωάννου εκλογών αποφθεγμάτων υποθηκών.</subfield>
  </datafield>
  <datafield tag="260" ind1=" " ind2=" ">
   <subfield code="a">[χ.τ.] :</subfield>
   <subfield code="b">Weidmann,</subfield>
   <subfield code="c">1974.</subfield>
  </datafield>
  <datafield tag="300" ind1=" " ind2=" ">
   <subfield code="a">τ. 2 (675 σ.) ;</subfield>
   <subfield code="c">20 εκ.</subfield>
  </datafield>
  <datafield tag="650" ind1=" " ind2="4">
   <subfield code="a">Φιλοσοφία, Αρχαία ελληνική.</subfield>
  </datafield>
  <datafield tag="650" ind1=" " ind2="4">
   <subfield code="a">Ελληνική λογοτεχνία, Αρχαία</subfield>
   <subfield code="x">Ανθολογίες.</subfield>
  </datafield>
  <datafield tag="650" ind1=" " ind2="0">
   <subfield code="a">Greek literature, Ancient.</subfield>
  </datafield>
  <datafield tag="852" ind1=" " ind2=" ">
   <subfield code="a">INST</subfield>
   <subfield code="b">UNIPILB</subfield>
   <subfield code="c">MAIN</subfield>
   <subfield code="e">20210913</subfield>
   <subfield code="h">888.32 ΙΩΑ</subfield>
   <subfield code="p">00183158</subfield>
   <subfield code="q">00183158</subfield>
   <subfield code="t">LOAN</subfield>
   <subfield code="v">τομ.2:</subfield>
   <subfield code="y">0</subfield>
   <subfield code="4">1</subfield>
  </datafield>
  <datafield tag="960" ind1=" " ind2=" ">
   <subfield code="a">ΜΑΡΙΑ ΒΕΛ</subfield>
  </datafield>
 </record>
</collection>
